盜墓筆記之藏海花

資料類型: Book 圖書   書目號:45222

Leader xxxxxxxxxx
001 __ PCLIS00045222
005 __ 20220218154244.0
010 0_ |a978-986-219-733-2|b第1冊 : 平裝|dNT$199
010 0_ |a978-986-219-734-9|b第2冊 : 平裝|dNT$199
100 __ |a20121127d2012    m  y0chiy09      e
101 0_ |achi
102 __ |atw
105 __ |ay   z   000ay
200 1_ |a盜墓筆記之藏海花|f南派三叔著
205 __ |a第1版
210 __ |a新北市汐止區|c普天出版|a新北市中和區|c旭昇圖書總經銷|d2012(民101)
215 0_ |a2冊|d21公分
225 2_ |a文學新樂園|v245-246
300 __ |a著者本名徐磊
327 1_ |v1,|a1, 閻王騎屍|v2,|a2, 千年伏筆
410 _0 |12001 |a文學新樂園|v245-246
500 11 |a盜墓筆記
517 1_ |a閻王騎屍|zchi
517 1_ |a千年伏筆|zchi
681 __ |a857.7|b8564
700 _0 |a南派三叔|4801 _0 |atw|b內湖高中|c20121127|gCCR
  
詳細館藏 1-2 筆 (共 2 筆)
索 書 號登 錄 號冊次號館別 / 館藏地流通類型狀態加入預約清單電子資源
857.7 / 8564 1020411 v.1 圖書館 / 一樓普通區 可外借30天 在館   
857.7 / 8564 1020412 v.2 圖書館 / 一樓普通區 可外借30天 在館   

| 條列資料




目錄查詢 分類查詢 個人資料 圖書薦購 新書查詢 閉館日 排行榜 更多電子資源 Hami書城 線上資料庫 登出

From : 216.73.217.52

  本日流通累計至 09:41:21 借閱 : 0 次 續借 : 0 次 歸還 : 0 次 預約 : 0 次 電子資源 : 0 次


內湖高中圖書館  PCLIS 版本  26.5.0.12